| 000 | 00577nam a2200169 a 4500 | ||
|---|---|---|---|
| 001 | ASIN0245519904 | ||
| 005 | 20150807105653.0 | ||
| 008 | 150807s1973 xxu eng d | ||
| 020 | _a0245519904 (paperback) | ||
| 020 | _a9780245519901 (paperback) | ||
| 100 | 1 | _aBaldwin, Clifford Thomas. | |
| 245 | 1 | 0 |
_aFundamentals of electrical measurements / _cClifford Thomas Baldwin. |
| 250 | _aEnlarged 2nd. | ||
| 260 |
_a[S.l.] : _bGeorge G.Harrap & Co Ltd, _c1973. |
||
| 300 | _a344 p. | ||
| 856 | 4 | 0 |
_3Amazon.com _uhttp://www.amazon.com/exec/obidos/ASIN/0245519904/chopaconline-20 |
| 999 |
_c13651 _d13651 |
||